| 000 | 00978nam a22002897a 4500 | ||
|---|---|---|---|
| 003 | CHAP | ||
| 005 | 20220329140858.0 | ||
| 008 | 971013s1959 r 10010 d | ||
| 010 | _a59167 | ||
| 011 | _a60139 | ||
| 035 | _a64299 | ||
| 040 | _cCHAP | ||
| 082 |
_a633.15 _bP76 1959 |
||
| 111 | 0 | 0 |
_aPrograma Cooperativo Centroamericano para el Mejoramiento del Maíz ( _n5 _d: 1959 _c: Panamá) _992269 |
| 245 | _aMejoramiento del maíz | ||
| 260 |
_aPanamá : _bEl Programa, _c1959 |
||
| 300 |
_a63 p. _b: ilus. ; mapa |
||
| 590 |
_aBATCH-UPD _b10 _c20130110 _lUCH01 _h0608 |
||
| 590 |
_aBATCH-UPD _b10 _c20130410 _lUCH01 _h0250 |
||
| 590 |
_aBATCH-UPD _b10 _c20130914 _lUCH01 _h1753 |
||
| 590 |
_aCONVERSION _b10 _c20130109 _lUCH01 _h1332 |
||
| 650 | 1 | 4 |
_aMaíz _xMejoramiento. _971006 |
| 901 | _aBK | ||
| 942 | _cLIBRO | ||
| 949 |
_a633.15 P76 1959 _bBC _cLIBRO _d-140058 _eLIBRO _h38810 _i64299 _mD Hdz.X. _si |
||
| 949 |
_a633.15 P76 1959 _bBC _cLIBRO _d-140059 _eLIBRO _fc.2 _h22251 _i64299 _si |
||
| 999 |
_c59167 _d59167 |
||